书目信息 |
| 题名: |
建筑工程CAD
|
|
| 作者: | 武强 , 肖青战 主编 | |
| 分册: | ||
| 出版信息: | 北京 北京理工大学出版社 2021.08 |
|
| 页数: | 183页 | |
| 开本: | 26cm | |
| 丛书名: | ||
| 单 册: | ||
| 中图分类: | TU204.2-39 | |
| 科图分类: | ||
| 主题词: | 建筑制图--jian zhu zhi tu--AutoCAD软件 | |
| 电子资源: | ||
| ISBN: | 978-7-5763-0151-9 | |
| 000 | 00931nam0 2200253 450 | |
| 001 | 0100028525 | |
| 005 | 20211025120205.0 | |
| 010 | @a978-7-5763-0151-9@dCNY55.00 | |
| 100 | @a20210923d2021 em y0chiy50 ea | |
| 101 | 0 | @achi |
| 102 | @aCN@b110000 | |
| 105 | @aa a 000yy | |
| 106 | @ar | |
| 200 | 1 | @a建筑工程CAD@Ajian zhu gong cheng CAD@f主编武强, 肖青战 |
| 210 | @a北京@c北京理工大学出版社@d2021.08 | |
| 215 | @a183页@c图@d26cm | |
| 320 | @a有书目 (第183页) | |
| 330 | @a本书共由9个项目组成, 主要内容包括AutoCAD 2019基本操作及绘图环境设置, 绘制线段并编辑, 图层与多线、多段线及辅助线、不规则图形绘制与图案填充, 图形编辑工具, 文字、尺寸标注及表格, 建筑施工图的绘制, 轴测图的绘制等。 | |
| 606 | 0 | @a建筑制图@Ajian zhu zhi tu@xAutoCAD软件 |
| 690 | @aTU204.2-39@v5 | |
| 701 | 0 | @a武强@Awu qiang@4主编 |
| 701 | 0 | @a肖青战@Axiao qing zhan@4主编 |
| 801 | 0 | @aCN@c20210909 |
| 905 | @a河南城建学院图书馆@dTU204.2-39@eW983 | |
| 建筑工程CAD/主编武强, 肖青战.-北京:北京理工大学出版社,2021.08 |
| 183页:图;26cm |
| ISBN 978-7-5763-0151-9:CNY55.00 |
| 本书共由9个项目组成, 主要内容包括AutoCAD 2019基本操作及绘图环境设置, 绘制线段并编辑, 图层与多线、多段线及辅助线、不规则图形绘制与图案填充, 图形编辑工具, 文字、尺寸标注及表格, 建筑施工图的绘制, 轴测图的绘制等。 |
| ● |
| 相关链接 |
|
|
|
正题名:建筑工程CAD
索取号:TU204.2-39/W983
 
预约/预借
| 序号 | 登录号 | 条形码 | 馆藏地/架位号 | 状态 | 备注 |
| 1 | 1546585 | 215465850 | 建筑库101/101建筑库 39排2列2层/ [索取号:TU204.2-39/W983] | 在馆 | |
| 2 | 1546586 | 215465869 | 建筑库101/101建筑库 39排2列2层/ [索取号:TU204.2-39/W983] | 在馆 |